Concepts of effectiveness and efficiency of technology innovations

Salvato in:
Dettagli Bibliografici
Autore principale: Lipianska, Júlia
Altri autori: Hlavatý, Ivan, 1978-
Natura: Capitolo di libro
Lingua:inglese
Soggetti:
Tags: Aggiungi Tag
Nessun Tag, puoi essere il primo ad aggiungerne!!

MARC

LEADER 00000nla a2200000 4500
001 0169792
005 20240502072936.9
041 0 |a eng 
044 |a SK 
245 1 0 |a Concepts of effectiveness and efficiency of technology innovations  |c Júlia Lipianska, Ivan Hlavatý 
610 2 0 |a technológie informačné 
610 2 0 |a technológie komunikačné 
610 2 0 |a efektívnosť 
610 2 0 |a produktivita 
610 2 0 |a kvalita 
610 2 0 |a inovácia 
100 1 |a Lipianska, Júlia 
700 1 |a Hlavatý, Ivan, 1978-